| 000 | 00588nam a2200169Ia 4500 | ||
|---|---|---|---|
| 003 | GCL | ||
| 008 | 140319s9999 xx 000 0 ara d | ||
| 040 |
_aGCL / _cGCL |
||
| 082 | 0 | 4 |
_a947.102 _bد م |
| 100 | 1 | _aدار الثقافة الجديدة | |
| 245 | 1 | 0 |
_aمعجزة فى اسيا الوسطى(هدية من الاديب عبدالفتاح الجمل) / _cدار الثقافة الجديدة |
| 300 | _a158 ص | ||
| 490 |
_aالهيئة العامة للاستعلامات _v0 |
||
| 650 | 0 | 4 | _aالاتحاد السوفيتى |
| 650 | 0 | 4 | _aوصف ورحلات |
| 942 |
_2ddc _cBK |
||
| 999 |
_c47132 _d47132 |
||